000 01018cam a22002897a 4500
001 15166864
005 20200421093820.0
008 080204s2006 caua 001 0 eng d
010 _a 2008297050
020 _a1590597273 (pbk.)
020 _a9781590597279 (pbk.)
035 _a(OCoLC)ocm80016686
040 _aDPL
_cDPL
_dBAKER
_dYDXCP
_dCDS
_dIXA
_dBTCTA
_dUV0
_dVRC
_dDLC
042 _alccopycat
050 0 0 _aQA76.73.J39
_bR47 2006
082 0 4 _a005.13/3
_222
100 1 _aResig, John.
_9797
245 1 0 _aPro JavaScript techniques /
_cJohn Resig.
260 _aBerkeley, Calif. :
_bApress ;
_aNew York :
_bDistributed to the book trade worldwide by Springer-Verlag New York,
_cc2006.
300 _axix, 359 p. :
_bill. ;
_c24 cm.
440 0 _aExpert's voice in Web development
500 _aIncludes index.
650 0 _aJavaScript (Computer program language)
_9379
906 _a7
_bcbc
_ccopycat
_d2
_encip
_f20
_gy-gencatlg
942 _2ddc
_cBK
999 _c147
_d147